Trouvez la ville à partir d'une image de film - Statistiques

Statistiques générales
  • Ce quiz a été pris 1 382 fois
  • Le résultat moyen est 10 sur 16
Statistiques - réponses
Par images Réponse % Correct
Paris
94%
Nice
91%
New York
84%
Rio de Janeiro
84%
Saint-Tropez
76%
Washington
71%
Marseille
70%
Londres
67%
Monaco
63%
Tokyo
58%
Saint-Pétersbourg
50%
Rome
42%
Cherbourg
38%
Philadelphie
34%
San Francisco
20%
Berlin
12%
Aucun quiz correspondant
Distribution des résultats
% des personnes avec chaque résultat
Percentile par nombre de réponses
Votre historique - résultats
Vous n’avez pas pris ce quiz